000 02135nam a2200277 a 4500
001 000008395
005 20250115114737.0
008 090916s2006 dr c 000 0 spa d
020 _a9945404083
040 _aDO-SdBNP
_bspa
_cBNPHU
082 _aRD868.5
_bC744L
111 2 _aConcurso Literario Capotillo
_d(2005 :
_cSanto Domingo)
_922635
245 1 0 _aPremios /
_ceditor Gerardo Castillo Javier.
260 _aSanto Domingo :
_bSecretaría de Estado de Cultura,
_c2006.
300 _a132 p. :
_bretrs. ;
_c22 cm.
490 1 _aPinos nuevos
_v1
505 0 _aSorpresa fatal / Lidia Antigua de los Santos --
_tMáteme alguien /
_rJehovanny Antonio Paulino --
_tEl afán/
_rYocaslia de Jesús Aramboles --
_tMundo frío /
_rTeresa Didioné Paulino --
_tEl limpiabotas /
_rAny Cortorreal Tineo --
_tEl cuarto oscuro /
_rMirna Johanna Thomás Pérez --
_tCarlos sin miedo /
_rEruberkys Hurtado --
_tLa apariencia de Antonio /
_rKaren Massiel Vargas --
_tLas flores de mi jardín /
_rMaría Altagracia de la Rosa --
_tEl peor camino /
_rErny Paulino --
_tPoesía :
_tMirada de tres lobos /
_rTeresa Didioné Paulino --
_tLamiendose una herida de año en año /
_rCarmen Cecilia Gómez --
_tMi ángel guardián /
_rCarmen Luisa Santos --
_tEl amor y los elementos /
_rWilmer Odalix Piña Núñez --
_tEl primer beso se da con los ojos /
_rJehovanny Antonio Paulino --
_tEres /
_rMirna Johanna Thomás Pérez --
_tCarta desconocida /
_rFabiola Arías Hernández --
_tLágrimas secas /
_rIndira Ortiz García --
_tAnsia de amor /
_rWendy Yadira H. Frías --
_tFortuna /
_rYocaslia de Jesús Aramboles --
_tEnsayos :
_tLo que debe cambiar el merengue /
_rCarlos Manuel Pérez --
_tEl actual ritmo del merengue esta bien /
_rFranklin Antonio Suero --
_tHay que relanzar el merengue /
_rAnderson González
650 0 _aCuentos dominicanos
_9176
650 0 _aPoesía dominicana
_966
650 0 _aEnsayos dominicanos
_965
650 0 _aLiteratura dominicana.
_967
700 1 2 _aCastillo Javier, Gerardo,
_d1963-
_eed.
_91677
710 1 _a República Dominicana.
_b Secretaría de Estado de Cultura
_96453
830 0 _aPinos nuevos
_n1
_922637
910 _aValidado. Control de calidad MFF
999 _c8166
_d8166